|
|
|
|
| LEADER |
00000nab a2200000 a 4500 |
| 001 |
vtls000758623 |
| 003 |
SK-MaSNL |
| 005 |
20260302192445.0 |
| 008 |
140429c2001 xo 0 slo |
| 015 |
|
|
|a SNBRB2001/06-17059
|
| 035 |
|
|
|a CLN000110410
|
| 040 |
|
|
|a SNKBUCL
|b slo
|c SNKBUCL
|e AACR2
|
| 041 |
0 |
|
|a slo
|
| 044 |
|
|
|a xo
|c SK
|
| 080 |
|
|
|a 82.09:885.4-1(087.5)+885.4-3(087.5)(082)(048)
|2 1997
|
| 080 |
|
|
|a 885.4-1(087.5)(082)(048)
|2 1997
|
| 080 |
|
|
|a 885.4-3(087.5)(082)(048)
|2 1997
|
| 100 |
1 |
|
|a Beňo, Ján,
|d 1933-2020
|4 aut
|9 102772
|
| 245 |
1 |
0 |
|a Prísne tajné
|c Ján Beňo
|
| 650 |
0 |
7 |
|a literatúra pre deti a mládež
|2 snkbucl
|9 21893
|
| 650 |
0 |
7 |
|a antológie literárne
|x literatúra pre deti a mládež slovenská
|x recenzie
|2 snkbucl
|9 909654
|
| 655 |
|
7 |
|a články z novín a časopisov
|2 snkbucl
|9 267496
|
| 773 |
0 |
|
|t Bibiana
|g Roč. 8, č. 1 (2001), s. 61-62
|x 1335-7263
|
| 787 |
0 |
8 |
|i Rec.:
|a Bílik, René, 1960-
|t Prísne nepovinné
|d Bratislava : Q 111, c1999
|z 8085401800
|
| 850 |
|
|
|a Slovenská národná knižnica v Martine
|
| 852 |
|
|
|a SNK
|b KIS3GCP
|
| 958 |
|
|
|a SK
|
| 958 |
|
|
|a LX
|
| 958 |
|
|
|a RC
|
| 992 |
|
|
|a RBX
|
| 999 |
|
|
|c 1440864
|d 1442794
|